Petit Bac: Les Pokémon de type Dragon - Statistiques

Statistiques générales
  • Ce quiz a été pris 574 fois
    410 depuis la dernière actualisation
  • Le résultat moyen est 15 sur 21
Statistiques - réponses
Lettre Pokémon % Correct
D Dialga / Diamat / Dispareptil / Draby / Dracaufeu / Draïeul / Drackhaus / Drakkarmin / Draco / Dracolosse / Dratatin / Drattak / Duralugon
100%
M Mandrillon / Minidraco / Miraidon / Motorizard / Mucuscule / Muplodocus
92%
Z Zekrom / Zygarde
90%
R Rayquaza / Regidraco / Regidraco / Reshiram / Rexillius / Rugit-Lune
88%
C Carchacrok / Carmache / Colimucus /Coupenotte /Cryodo
87%
P Palkia / Pharamp / Pomdorochi / Pomdrapi / Pomdramour / Pondralugon / Ptyranidur
84%
G Galvagon / Giratina /Glaivodo / Griknot
82%
L Lanssorien / Latias / Latios / Libégon
80%
K Koraidon / Kravarech / Kyurem
79%
T Tranchodon / Trioxhydre
75%
A Altaria /Arceus
72%
E Ecaïd / Ekaïser / Engloutyran / Éthernatos
70%
S Serpente-eau / Solochi / Sonistrelle
69%
B Bébécaille / Boumata / Bruyverne
68%
I Incisache / Ire-Foudre
60%
H Hydragon / Hyporoi
58%
V Verpom / Vibraninf
53%
F Fantyrm / Feu-perçant / Frigodo
51%
N Nigirigon / Noadkoko
39%
J Jungko
35%
U Ultra Necrozma
20%
Aucun quiz correspondant
Distribution des résultats
% des personnes avec chaque résultat
Percentile par nombre de réponses
Votre historique - résultats
Vous n’avez pas pris ce quiz depuis la dernière actualisation